[Event "16th Reykjavik op"]
[Site "Reykjavik ISL"]
[Date "1994.02.13"]
[Round "9"]
[White "Zvjagintsev, Vadim"]
[Black "Shchekachev, Andrei"]
[Result "1-0"]
[WhiteElo "2545"]
[BlackElo "2470"]
[EventDate "1994.02.05"]
[PlyCount "112"]

1.d4 g6 2.c4 Nf6 3.Nc3 Bg7 4.e4 d6 5.Be2 O-O 6.Nf3 e5 7.d5 Nbd7 8.Be3 Ng4 
9.Bd2 a5 10.h3 Ngf6 11.Bg5 Nc5 12.Nd2 Bd7 13.Rb1 h6 14.Be3 c6 15.O-O Be8 
16.b3 Na6 17.a3 c5 18.Qc1 Kh7 19.Qc2 Qe7 20.Rbc1 h5 21.Nf3 Bh6 22.Ng5+ Kg8
23.Qd3 Nb8 24.Rb1 Kg7 25.Qd2 Kg8 26.g4 hxg4 27.hxg4 Nh7 28.Nxh7 Bxe3 29.
Qxe3 Kxh7 30.Kg2 Kg7 31.Rh1 Rh8 32.Rxh8 Kxh8 33.f4 exf4 34.Qxf4 Qe5 35.
Qxe5+ dxe5 36.g5 Kg7 37.Bg4 Bd7 38.Be2 f6 39.Na4 Na6 40.gxf6+ Kxf6 41.Nb2 
Re8 42.Nd3 b6 43.Kg3 Kg7 44.Bg4 Bxg4 45.Kxg4 Nb8 46.b4 axb4 47.axb4 cxb4 
48.c5 bxc5 49.Nxc5 Rc8 50.Rxb4 Kh6 51.Rb5 Re8 52.Rb7 Rc8 53.Ne6 g5 54.d6 
Rc6 55.Nf8 Nd7 56.Rxd7 Rc7 1-0

[Event "16th Reykjavik op"]
[Site "Reykjavik ISL"]
[Date "1994.02.13"]
[Round "9"]
[White "Kengis, Edvins"]
[Black "Gretarsson, Helgi Ass"]
[Result "0-1"]
[WhiteElo "2565"]
[BlackElo "2415"]
[EventDate "1994.02.05"]
[PlyCount "46"]

1.Nf3 Nf6 2.g3 d5 3.Bg2 c6 4.O-O Bf5 5.d3 e6 6.Nc3 h6 7.Qe1 Be7 8.e4 Bh7 
9.a3 O-O 10.e5 Nfd7 11.h4 c5 12.Bf4 Nc6 13.Qd2 Nd4 14.Rae1 Nxf3+ 15.Bxf3 
g5 16.Nxd5 exd5 17.Bxd5 Nxe5 18.Rxe5 gxf4 19.Qxf4 Bd6 20.Qg4+ Kh8 21.Re3 
f5 22.Qh5 f4 23.Re6 Rf5 0-1

[Event "16th Reykjavik op"]
[Site "Reykjavik ISL"]
[Date "1994.02.13"]
[Round "9"]
[White "Ehlvest, Jaan"]
[Black "Kotronias, Vassilios"]
[Result "1/2-1/2"]
[WhiteElo "2610"]
[BlackElo "2545"]
[EventDate "1994.02.05"]
[PlyCount "66"]

1.d4 Nf6 2.c4 e6 3.Nf3 d5 4.Nc3 Be7 5.Bf4 O-O 6.e3 c5 7.dxc5 Bxc5 8.cxd5 
Nxd5 9.Nxd5 exd5 10.a3 Nc6 11.Bd3 Bb6 12.O-O Bg4 13.h3 Bh5 14.b4 Re8 15.
Ra2 Ne5 16.Bxe5 Bxf3 17.Qxf3 Rxe5 18.Rd1 Qg5 19.Rc2 Rae8 20.Kh1 h5 21.a4 
Qe7 22.a5 Bc7 23.Rdc1 Bd6 24.Rc8 g6 25.Rxe8+ Qxe8 26.Qf6 Bxb4 27.a6 bxa6 
28.Qxa6 Qd7 29.Rc8+ Kg7 30.Rb8 Bd6 31.Rb7 Qe6 32.Qxa7 Qf6 33.Kg1 Re7 
1/2-1/2

[Event "16th Reykjavik op"]
[Site "Reykjavik ISL"]
[Date "1994.02.13"]
[Round "9"]
[White "Khenkin, Igor"]
[Black "Sokolov, Ivan"]
[Result "1-0"]
[WhiteElo "2555"]
[BlackElo "2650"]
[EventDate "1994.02.05"]
[PlyCount "114"]

1.d4 d5 2.Nf3 c6 3.c4 Nf6 4.Nc3 a6 5.a4 g6 6.e3 Bg7 7.Be2 O-O 8.O-O c5 9.
dxc5 dxc4 10.Qxd8 Rxd8 11.Bxc4 Nc6 12.e4 Bg4 13.Ng5 Rf8 14.h3 Bd7 15.Be3 
Ne8 16.Rad1 Rd8 17.Rd2 Bxc3 18.bxc3 Bc8 19.Rxd8 Nxd8 20.f4 Kg7 21.Rb1 Nc7 
22.Nf3 Bd7 23.Bb3 Nc6 24.Nd4 Na5 25.Bc2 Rc8 26.Kf2 Ne6 27.Nxe6+ Bxe6 28.
Bd4+ f6 29.g4 Kf7 30.f5 Bd7 31.Kg3 gxf5 32.exf5 Bc6 33.Kf4 Bd5 34.h4 h6 
35.Be4 Bxe4 36.Kxe4 Rc7 37.Rb6 Nc6 38.Be3 Kg7 39.Kd5 Rd7+ 40.Ke6 Rc7 41.
Bf4 Nd8+ 42.Kd5 Rd7+ 43.Ke4 Nc6 44.Rb2 Na5 45.Rd2 Nb3 46.Rxd7 Nxc5+ 47.Kd5
Nxd7 48.a5 h5 49.gxh5 Kf7 50.h6 Nf8 51.h7 Nxh7 52.Kc5 Nf8 53.Kb6 e6 54.
Kxb7 exf5 55.Kxa6 Ne6 56.Be3 f4 57.Bf2 1-0

[Event "16th Reykjavik op"]
[Site "Reykjavik ISL"]
[Date "1994.02.13"]
[Round "9"]
[White "Hjartarson, Johann"]
[Black "Wojtkiewicz, Aleksander"]
[Result "0-1"]
[WhiteElo "2595"]
[BlackElo "2555"]
[EventDate "1994.02.05"]
[PlyCount "118"]

1.e4 c5 2.Nf3 d6 3.d4 cxd4 4.Nxd4 Nf6 5.Nc3 a6 6.f4 e5 7.Nf3 Nbd7 8.Bd3 
Be7 9.a4 O-O 10.O-O exf4 11.Kh1 Ne5 12.Bxf4 Qc7 13.Qd2 Be6 14.Nd4 Rfe8 15.
Bxe5 dxe5 16.Nxe6 fxe6 17.Qe2 Rad8 18.Nd1 Bc5 19.b3 Rf8 20.Ne3 Bxe3 21.
Qxe3 Rd7 22.Qh3 Qc6 23.Rf3 g6 24.Raf1 Kg7 25.Qh4 Rdf7 26.Qf2 Qd6 27.a5 Qd4
28.c3 Qxf2 29.R1xf2 g5 30.Kg1 g4 31.Re3 Rd8 32.Kf1 Rfd7 33.Ke2 h5 34.h4 
Rd6 35.Rf1 Ne8 36.Rd1 Nc7 37.Bc2 Rxd1 38.Bxd1 Nb5 39.b4 Rc8 40.Kd2 Rf8 41.
Be2 Rf2 42.Ke1 Rxg2 43.Kf1 Rh2 44.Kg1 Rxh4 45.Bf1 Kf6 46.Bg2 Kg5 47.Rd3 
Kf4 48.Rd7 Nxc3 49.Rxb7 Kg3 50.Rd7 Ne2+ 51.Kf1 Nf4 52.b5 Rh2 53.Rd2 Nxg2 
54.Kg1 Kh3 55.b6 g3 56.b7 Nf4 57.b8=Q Rxd2 58.Qb3 Rf2 59.Qc3 Ne2+ 0-1

[Event "16th Reykjavik op"]
[Site "Reykjavik ISL"]
[Date "1994.02.13"]
[Round "9"]
[White "Budnikov, Andrei"]
[Black "Van der Sterren, Paul"]
[Result "0-1"]
[WhiteElo "2535"]
[BlackElo "2610"]
[EventDate "1994.02.05"]
[PlyCount "52"]

1.c4 Nf6 2.Nc3 e6 3.e4 d5 4.e5 d4 5.Nce2 Nfd7 6.f4 c5 7.Nf3 Nc6 8.Ng3 f6 
9.exf6 Nxf6 10.d3 Bd6 11.Ng5 O-O 12.Qf3 Nb4 13.Kd1 h6 14.N5e4 Nxe4 15.Nxe4
Bxf4 16.Bxf4 e5 17.Qh5 Rxf4 18.Qxe5 Bg4+ 19.Kd2 Qa5 20.a3 Raf8 21.Be2 Nc6+
22.b4 Nxb4 23.axb4 Qxb4+ 24.Kc2 Bxe2 25.Rhb1 Bd1+ 26.Kc1 Bb3 0-1

[Event "16th Reykjavik op"]
[Site "Reykjavik ISL"]
[Date "1994.02.13"]
[Round "9"]
[White "Ivanov, Mikhail M."]
[Black "Shneider, Alexander"]
[Result "1-0"]
[WhiteElo "2525"]
[BlackElo "2570"]
[EventDate "1994.02.05"]
[PlyCount "80"]

1.c4 Nf6 2.g3 e6 3.Bg2 d5 4.Nf3 dxc4 5.Qa4+ Nbd7 6.Qxc4 c5 7.O-O b6 8.a4 
a6 9.Qb3 Bb7 10.d3 Bd6 11.Nbd2 O-O 12.Nc4 Bc7 13.Rd1 Rb8 14.Bd2 Qe7 15.Qa3
Ra8 16.Rac1 Rfc8 17.d4 b5 18.Nce5 b4 19.Qa2 Bd5 20.Qa1 Nxe5 21.dxe5 Nd7 
22.Bg5 Qe8 23.Bf4 a5 24.Qb1 Rab8 25.b3 h6 26.e4 Ba8 27.h4 Rd8 28.Qc2 Bb6 
29.Bf1 Qe7 30.Bb5 Rbc8 31.Bc4 Bc7 32.Bb5 Bb8 33.Rd2 Nb6 34.Rcd1 Rxd2 35.
Rxd2 c4 36.bxc4 Rd8 37.Rxd8+ Qxd8 38.c5 Nd7 39.Qd3 b3 40.c6 1-0

[Event "16th Reykjavik op"]
[Site "Reykjavik ISL"]
[Date "1994.02.13"]
[Round "9"]
[White "Ernst, Thomas"]
[Black "Olafsson, Helgi"]
[Result "1/2-1/2"]
[WhiteElo "2480"]
[BlackElo "2535"]
[EventDate "1994.02.05"]
[PlyCount "34"]

1.e4 c6 2.d4 d5 3.Nd2 dxe4 4.Nxe4 Nd7 5.Bc4 Ngf6 6.Ng5 e6 7.Qe2 Nb6 8.Bb3 
h6 9.N5f3 a5 10.a3 a4 11.Ba2 c5 12.c3 cxd4 13.cxd4 Be7 14.Be3 Nbd5 15.Ne5 
Qa5+ 16.Bd2 Qb6 17.Be3 1/2-1/2

[Event "16th Reykjavik op"]
[Site "Reykjavik ISL"]
[Date "1994.02.13"]
[Round "9"]
[White "Link, Michael"]
[Black "Ibragimov, Ildar"]
[Result "0-1"]
[WhiteElo "2290"]
[BlackElo "2525"]
[EventDate "1994.02.05"]
[PlyCount "96"]

1.e4 Nc6 2.Nf3 d6 3.d4 Nf6 4.Nc3 Bg4 5.Be2 e6 6.O-O Be7 7.Re1 O-O 8.Be3 
Re8 9.a3 d5 10.exd5 exd5 11.h3 Bf5 12.Ne5 Bd6 13.Nxc6 bxc6 14.Bg5 h6 15.
Be3 Qd7 16.Qd2 Rab8 17.Rab1 Re7 18.Bd3 Bxh3 19.Bxh6 Qg4 20.Bf1 gxh6 21.
Qxh6 Nh5 22.Rxe7 Bxe7 23.Kh1 Bg5 24.Qxc6 Bxg2+ 25.Bxg2 Nf4 26.Bxd5 Kg7 27.
Bg2 Nh3 28.Qf3 Rh8 29.Qxg4 Nxf2+ 30.Kg1 Nxg4 31.Bf3 Ne3 32.Ne4 Bf4 33.c3 
Rh3 34.Bg2 Rh2 35.Bf3 f5 36.Nc5 Bg3 37.Nd3 Rd2 38.Ne5 Kf6 39.b3 Bxe5 40.
dxe5+ Kxe5 41.Re1 Kf4 42.Bh5 Rg2+ 43.Kh1 Rg7 44.Be8 Re7 45.Bc6 Kg3 46.Kg1 
f4 47.Re2 Re6 48.Bh1 Rd6 0-1

[Event "16th Reykjavik op"]
[Site "Reykjavik ISL"]
[Date "1994.02.13"]
[Round "9"]
[White "Steingrimsson, Hedinn"]
[Black "Kveinys, Aloyzas"]
[Result "0-1"]
[WhiteElo "2420"]
[BlackElo "2520"]
[EventDate "1994.02.05"]
[PlyCount "122"]

1.d4 Nf6 2.c4 d6 3.Nf3 g6 4.Nc3 Bg7 5.e4 O-O 6.Be2 Nbd7 7.O-O e5 8.Re1 c6 
9.Bf1 h6 10.Rb1 Nh7 11.d5 c5 12.g3 f5 13.Nh4 Qf6 14.exf5 gxf5 15.f4 exf4 
16.Bxf4 Ng5 17.Be2 Ne5 18.b3 Bd7 19.Qc2 Rae8 20.Rf1 Ng4 21.Nd1 b5 22.Kh1 
Ne4 23.h3 Ne5 24.Kh2 Ng6 25.Nxg6 Qxg6 26.Nf2 Nf6 27.Nd3 Nh5 28.Rf3 Re4 29.
Rbf1 Rfe8 30.R3f2 Re3 31.Bxe3 Qxg3+ 32.Kh1 Rxe3 33.Rf3 Rxf3 34.Rxf3 Qg5 
35.Qc1 Bd4 36.Qe1 b4 37.Kh2 f4 38.Nf2 Be5 39.Bf1 Nf6 40.Be2 Be8 41.Kh1 Bh5
42.Rd3 Bg6 43.Rf3 Nh5 44.Bd3 Ng3+ 45.Kh2 Bh5 46.Ne4 Qh4 47.Rxg3+ fxg3+ 48.
Nxg3 Qf4 49.Be4 Bf3 50.Bxf3 Qxf3 51.Qg1 h5 52.h4 Qf4 53.Qe1 Qxh4+ 54.Kg2 
Qxg3+ 55.Qxg3+ Bxg3 56.Kxg3 Kg7 57.Kh3 Kg6 58.Kh4 Kh6 59.Kh3 Kg5 60.Kg3 
h4+ 61.Kh3 Kh5 0-1

[Event "16th Reykjavik op"]
[Site "Reykjavik ISL"]
[Date "1994.02.13"]
[Round "9"]
[White "Arnason, Jon"]
[Black "Einarsson, Halldor"]
[Result "1-0"]
[WhiteElo "2520"]
[BlackElo "2325"]
[EventDate "1994.02.05"]
[PlyCount "82"]

1.c4 e5 2.Nc3 Nf6 3.Nf3 Nc6 4.g3 d5 5.cxd5 Nxd5 6.Bg2 Nb6 7.O-O Be7 8.Rb1 
O-O 9.b4 Re8 10.b5 Nd4 11.Nxe5 Bf6 12.Nf3 Bf5 13.Rb4 c5 14.bxc6 Nxc6 15.
Rf4 Qd7 16.Nh4 Be6 17.Rxf6 gxf6 18.Ne4 Nd5 19.Qb3 Rad8 20.Bb2 f5 21.Nc5 
Qe7 22.Rc1 Na5 23.Qa4 b6 24.Qd4 f6 25.Nxf5 Bxf5 26.Bxd5+ Kg7 27.Nd3 Rc8 
28.Rxc8 Rxc8 29.Nf4 Nc6 30.Nh5+ Kg6 31.Qh4 Ne5 32.Ba3 Qd8 33.Nf4+ Kg7 34.
Nh5+ Kg6 35.Nf4+ Kg7 36.d4 Ng6 37.Nh5+ Kh6 38.Qxf6 Qxd5 39.h4 Bh3 40.Qg7+ 
Kxh5 41.Qxh7+ 1-0

[Event "16th Reykjavik op"]
[Site "Reykjavik ISL"]
[Date "1994.02.13"]
[Round "9"]
[White "Sigfusson, Sigurdur"]
[Black "Danielsen, Henrik"]
[Result "0-1"]
[WhiteElo "2250"]
[BlackElo "2480"]
[EventDate "1994.02.05"]
[PlyCount "86"]

1.d4 Nf6 2.e3 g6 3.Bd3 c5 4.c3 b6 5.f4 Bg7 6.Nf3 Ba6 7.Bxa6 Nxa6 8.O-O O-O
9.Qe1 d5 10.Nbd2 e6 11.Qe2 Qc8 12.a4 cxd4 13.exd4 Nc7 14.Ne5 Nce8 15.a5 
Nd6 16.Ra3 b5 17.Nd3 Nc4 18.Nxc4 bxc4 19.Nc5 Nd7 20.Nxd7 Qxd7 21.Be3 Rfb8 
22.Rb1 Rb5 23.b4 cxb3 24.Rbxb3 Rab8 25.Qb2 a6 26.Rxb5 Qxb5 27.Qxb5 Rxb5 
28.Ra2 Bf6 29.Kf2 Bd8 30.Ke2 Rxa5 31.Rb2 Rb5 32.Rxb5 axb5 33.Kd3 Be7 34.
Kc2 h5 35.h3 Kg7 36.g4 hxg4 37.hxg4 g5 38.fxg5 Kg6 39.Kd3 Bxg5 40.Bf2 Bf4 
41.Bh4 f5 42.gxf5+ exf5 43.Be7 Kh5 0-1

[Event "16th Reykjavik op"]
[Site "Reykjavik ISL"]
[Date "1994.02.13"]
[Round "9"]
[White "Vidarsson, Jon"]
[Black "Gislason, Gudmundur"]
[Result "1/2-1/2"]
[WhiteElo "2310"]
[BlackElo "2325"]
[EventDate "1994.02.05"]
[PlyCount "60"]

1.e4 c5 2.Nf3 d6 3.d4 cxd4 4.Nxd4 Nf6 5.Nc3 a6 6.Be3 Ng4 7.Bg5 h6 8.Bh4 g5
9.Be2 Bg7 10.Bg3 h5 11.Bxg4 Bxg4 12.f3 Bd7 13.Qd2 Nc6 14.Nxc6 bxc6 15.Bf2 
Rb8 16.Rb1 g4 17.f4 Rb4 18.O-O h4 19.a3 Rb8 20.Bd4 Bxd4+ 21.Qxd4 Rg8 22.e5
Bf5 23.exd6 Qxd6 24.Qa7 Bxc2 25.Rbc1 Bd3 26.Rcd1 Rd8 27.Rfe1 Rd7 28.Qa8+ 
Rd8 29.Qa7 Rd7 30.Qa8+ Rd8 1/2-1/2

[Event "16th Reykjavik op"]
[Site "Reykjavik ISL"]
[Date "1994.02.13"]
[Round "9"]
[White "Olafsson, David"]
[Black "Werner, Bernd-Michael"]
[Result "1/2-1/2"]
[WhiteElo "2270"]
[BlackElo "2220"]
[EventDate "1994.02.05"]
[PlyCount "50"]

1.e4 Nf6 2.e5 Nd5 3.d4 d6 4.Nf3 g6 5.Bc4 Nb6 6.Bb3 Bg7 7.O-O O-O 8.h3 Nc6 
9.Qe2 Na5 10.Nc3 Nxb3 11.axb3 c6 12.Bf4 Re8 13.Rfe1 Bd7 14.Qe3 a6 15.Ng5 
f6 16.Nf3 Be6 17.Re2 Nd5 18.Nxd5 Bxd5 19.Nd2 c5 20.e6 cxd4 21.Qxd4 Bc6 22.
Qe3 f5 23.c3 Rc8 24.Bh6 Bf6 25.Bg5 Bg7 1/2-1/2

[Event "16th Reykjavik op"]
[Site "Reykjavik ISL"]
[Date "1994.02.13"]
[Round "9"]
[White "Bjornsson, Tomas"]
[Black "Halldorsson, Bragi"]
[Result "0-1"]
[WhiteElo "2260"]
[BlackElo "2225"]
[EventDate "1994.02.05"]
[PlyCount "58"]

1.e4 c6 2.Nc3 d5 3.Nf3 dxe4 4.Nxe4 Bf5 5.Ng3 Bg6 6.d4 Nd7 7.Bd3 Qc7 8.h4 
O-O-O 9.Ng5 Nh6 10.Bxg6 hxg6 11.Qf3 Nf6 12.Be3 e6 13.O-O-O Nf5 14.N3e4 
Rxh4 15.g4 Rxh1 16.Rxh1 Nxe3 17.fxe3 Nxe4 18.Qxe4 Qe7 19.Nf3 g5 20.Ne5 f6 
21.Nf3 Qf7 22.Qh7 e5 23.Qf5+ Kb8 24.Kb1 exd4 25.Nxg5 Qe8 26.Ne6 Rd5 27.Rh8
Rxf5 28.gxf5 dxe3 29.Kc1 e2 0-1

[Event "16th Reykjavik op"]
[Site "Reykjavik ISL"]
[Date "1994.02.13"]
[Round "9"]
[White "Barillaro, Luca"]
[Black "Bjornsson, Bjorn"]
[Result "0-1"]
[WhiteElo "2265"]
[BlackElo "2200"]
[EventDate "1994.02.05"]
[PlyCount "112"]

1.g3 e5 2.Bg2 Nc6 3.b3 Bc5 4.Bb2 d6 5.d3 f5 6.Nd2 Nf6 7.Ngf3 O-O 8.O-O f4 
9.gxf4 Nd5 10.e3 Nxe3 11.fxe3 Bxe3+ 12.Kh1 Bxf4 13.Qe1 g5 14.Ne4 g4 15.Ng1
d5 16.Ng3 Be6 17.Nh5 Qe8 18.Qh4 Qg6 19.Ng3 Rf7 20.N1e2 Raf8 21.Qh5 Ne7 22.
Qxg6+ Nxg6 23.Rae1 Bd2 24.Rxf7 Rxf7 25.Rf1 Bf4 26.Bc1 c6 27.Nh5 Bxc1 28.
Rxf7 Kxf7 29.Nxc1 Nf4 30.Ng3 h5 31.Kg1 Nxg2 32.Kxg2 h4 33.Nf1 b5 34.b4 d4 
35.Nd2 Bd5+ 36.Kf2 Ke7 37.a3 Kd6 38.Ncb3 Bxb3 39.Nxb3 Kd5 40.Nc5 a5 41.Kg2
axb4 42.axb4 Kd6 43.Ne4+ Ke6 44.h3 g3 45.Nxg3 hxg3 46.Kxg3 e4 47.dxe4 c5 
48.bxc5 d3 49.cxd3 b4 50.Kf4 b3 51.d4 b2 52.d5+ Ke7 53.Ke5 b1=Q 54.d6+ Kd7
55.Kd5 Qd3+ 56.Ke5 Qc4 0-1

[Event "16th Reykjavik op"]
[Site "Reykjavik ISL"]
[Date "1994.02.13"]
[Round "9"]
[White "Jonasson, Benedikt"]
[Black "Happel, Hendrik"]
[Result "1-0"]
[WhiteElo "2280"]
[BlackElo "2270"]
[EventDate "1994.02.05"]
[PlyCount "34"]

1.e4 e6 2.d4 d5 3.Nd2 dxe4 4.Nxe4 Nd7 5.Nf3 Be7 6.Bd3 Ngf6 7.O-O O-O 8.c4 
c5 9.Nxf6+ Bxf6 10.Be3 cxd4 11.Nxd4 Ne5 12.Bc2 Nc6 13.Nxc6 bxc6 14.Bc5 Re8
15.Qe2 Qc7 16.Rad1 Bd7 17.Qd3 1-0

[Event "16th Reykjavik op"]
[Site "Reykjavik ISL"]
[Date "1994.02.13"]
[Round "9"]
[White "Ulfarsson, Magnus"]
[Black "Arnason, Throestur"]
[Result "0-1"]
[WhiteElo "2250"]
[BlackElo "2290"]
[EventDate "1994.02.05"]
[PlyCount "52"]

1.e4 e6 2.d4 d5 3.Nc3 Bb4 4.e5 c5 5.a3 Bxc3+ 6.bxc3 Ne7 7.h4 Bd7 8.h5 h6 
9.Qg4 Qc7 10.Qxg7 Rg8 11.Qxh6 cxd4 12.Ne2 Nbc6 13.Qf4 dxc3 14.Rh3 O-O-O 
15.Rxc3 d4 16.Rh3 f6 17.exf6 e5 18.Qh2 Nd5 19.Rf3 Bg4 20.f7 Rgf8 21.Bg5 
Bxf3 22.Bxd8 Nxd8 23.Qh3+ Kb8 24.Qxf3 Qa5+ 25.Kd1 Rxf7 26.Qg3 Ne3+ 0-1

[Event "16th Reykjavik op"]
[Site "Reykjavik ISL"]
[Date "1994.02.13"]
[Round "9"]
[White "Bjarnason, Saevar"]
[Black "Gunnarsson, Arinbjorn"]
[Result "1/2-1/2"]
[WhiteElo "2315"]
[BlackElo "2235"]
[EventDate "1994.02.05"]
[PlyCount "96"]

1.Nf3 Nf6 2.g3 g6 3.b3 Bg7 4.Bb2 O-O 5.Bg2 c5 6.O-O Nc6 7.c4 d6 8.Nc3 Rb8 
9.d4 cxd4 10.Nxd4 Nxd4 11.Qxd4 a6 12.Rac1 Nd7 13.Qd2 Nc5 14.Nd5 Bxb2 15.
Qxb2 Bd7 16.Rfd1 Ne6 17.e4 Ng7 18.e5 Ne8 19.exd6 exd6 20.Re1 Be6 21.Nf4 
Ng7 22.Rcd1 Qc7 23.Nxe6 fxe6 24.Bh3 e5 25.Qd2 Rbd8 26.Qd5+ Kh8 27.Rd2 b6 
28.Red1 a5 29.a3 Nf5 30.Bxf5 Rxf5 31.Rd3 Rdf8 32.R1d2 R5f6 33.b4 axb4 34.
axb4 Rc8 35.Rc2 Qc6 36.Qxc6 Rxc6 37.Rd5 Kg7 38.b5 Rc5 39.Rxc5 dxc5 40.Rd2 
Rf3 41.Rd7+ Kg8 42.Re7 Rc3 43.Rxe5 Rxc4 44.Re6 Rc1+ 45.Kg2 Rb1 46.Rxb6 c4 
47.Rc6 Rxb5 48.Rxc4 Rb7 1/2-1/2